UBT Library

Probability DeMYSTiFieD / (Record no. 957)

000 -LEADER
fixed length control field 00434nam a22001697a 4500
008 - FIXED-LENGTH DATA ELEMENTS--GENERAL INFORMATION
fixed length control field 150601b xxu||||| |||| 00| 0 eng d
020 ## - INTERNATIONAL STANDARD BOOK NUMBER
International Standard Book Number 9780071780971
041 0# - LANGUAGE CODE
Language code of text/sound track or separate title eng
080 ## - UNIVERSAL DECIMAL CLASSIFICATION NUMBER
Universal Decimal Classification number 519.2
100 1# - Rafti
Rafti Bluman, Allan G.,
245 10 - TITLE STATEMENT
Title Probability DeMYSTiFieD /
Statement of responsibility, etc Allan G. Bluman.
250 ## -
-- Second edition.
300 ## -
-- 245 f. :
-- me il. ;
-- 23 cm.
490 0# -
-- DeMYSTiFieD Series
650 #0 -
-- Probabiliteti
942 ## - ADDED ENTRY ELEMENTS (KOHA)
Source of classification or shelving scheme
Item type Books
Holdings
Withdrawn status Lost status Source of classification or shelving scheme Damaged status Not for loan Collection code Permanent location Current location Shelving location Date acquired Total Checkouts Full call number Date last seen Price effective from Koha item type
          Koleksioni i përgjithshem UBT - Lipjan UBT - Lipjan Koleksioni i përgjithshem 06/01/2015   519.2 BLU 06/01/2015 06/01/2015 Books
UBT Library © 2015-2024. All rights reserved University Education for Business and Technology